Thủ tục hành chính Lý luận và thực tiễn

Gardado en:
Detalles Bibliográficos
Autor Principal: NGUYỄN VĂN THÂM
Formato: Libro
Idioma:Undetermined
Publicado: Hà Nội CTQG 2002
Những chủ đề:
Các nhãn: Engadir etiqueta
Sen Etiquetas, Sexa o primeiro en etiquetar este rexistro!
Thư viện lưu trữ: Trung tâm Học liệu Trường Đại học Cần Thơ
LEADER 00534nam a2200181Ia 4500
001 CTU_48170
008 210402s9999 xx 000 0 und d
082 |a 342.066 
082 |b Th120 
100 |a NGUYỄN VĂN THÂM 
245 0 |a Thủ tục hành chính 
245 0 |b Lý luận và thực tiễn 
245 0 |c NGUYỄN VĂN THÂM, Võ Kim Sơn 
260 |a Hà Nội 
260 |b CTQG 
260 |c 2002 
650 |a administrative procedure 
980 |a Trung tâm Học liệu Trường Đại học Cần Thơ